000
00325nam a2200133Ia 4500
005
20251222153623.0
008
251222s9999||||xx |||||||||||||| ||spa||
082
_a
985.063.3/G72
100
_a
González Prada, Rodrigo Machado
245
0
_a
Los Potros de Atila:
250
_a
1ra. ed.
264
_b
Mosca Azul
942
_c
LIB
999
_c
32060
_d
32060